01013cam a22002531 4500001001300000003000400013005001700017008004100034010001700075035001900092040005200111042001200163050002100175100003500196245013400231260004800365300007700413490008500490500001700575500005500592500005300647650004200700999001700742gs 15000423 DLC20260227111317.0761215s1915 oncab f000 0 eng c ags 15000423  a(OCoLC)2625398 aLibrary, U. S. Geological SurveycViUdViUdDLC apremarc00aQH1b.C13 no. 111 aReinecke, Leopold,d1884-1935.10aPhysiography of the Beaverdell map-area and the southern part of the interior plateaus of British Columbia,cby Leopold Reinecke. aOttawa,bGovernment Printing Bureau,c1915. a58 p.billus., 5 plates, maps (1 fold. in pocket) fold. profile.c25 cm.0 aCanada. Geological survey. Museum bulletinvno. 11. Geological series, no. 23 aCover title. aAt head of title: Canada. Department of mines ... aThe guard sheets are included in the pagination. 0aPhysical geographyzBritish Columbia. c25524d25524